| 000 | 00553nam a2200181Ia 4500 | ||
|---|---|---|---|
| 008 | 151018s9999 xx 000 0 und d | ||
| 082 |
_bRBASDV38756 _a891.463 |
||
| 100 | _aमोनिका गजेंद्रगडकर | ||
| 245 | _aभूप | ||
| 250 | _b1 | ||
| 260 |
_bपुणे प्रकाशन _c2004 |
||
| 300 | _a152 | ||
| 600 | _aमोनिका गजेंद्रगडकर | ||
| 630 | _aभूप | ||
| 700 | _aमोनिका गजेंद्रगडकर | ||
| 730 | _aभूप | ||
| 942 | _cBOOK | ||
| 999 |
_c1038136 _d1038133 |
||